Largest Islands by Letter - S - Statistics

General Stats
  • This quiz has been taken 48 times
    33 since last reset
  • The average score is 15 of 42
Answer Stats
Area (sq km) Country Answer % Correct
145,836 New Zealand South Island
100%
65,268 Sri Lanka Sri Lanka
100%
443,065 Indonesia Sumatra
95%
23,949 Italy Sardinia
90%
25,711 Italy Sicily
85%
180,681 Indonesia Sulawesi
85%
72,493 Russia Sakhalin
75%
18,545 Japan Shikoku
70%
38,981 Norway Spitsbergen
70%
3,607 Yemen Socotra
65%
47,079 Russia Severny Island
55%
1,659 United Kingdom Skye
55%
1,448 Bahamas South Andros Island
55%
2,672 Estonia Saaremaa
50%
41,214 Canada Southampton Island
50%
10,711 Indonesia Sumba
50%
14,386 Indonesia Sumbawa
45%
24,786 Canada Somerset Island
35%
1,211 India South Andaman Island
25%
3,718 United Kingdom South Georgia
25%
12,849 Philippines Samar
20%
3,665 Solomon Islands Santa Isabel Island
20%
1,718 Samoa Savai'i
20%
17,454 Indonesia Seram
20%
1,815 New Zealand Stewart Island
20%
1,410 Brazil São Luís Island
15%
5,135 United States St. Lawrence Island
15%
6,390 None (Antarctica) Siple Island
10%
1,207 Sweden Södertörn
10%
1,069 Finland Sääminginsalo
5%
3,829 Indonesia Siberut
5%
3,287 None (Antarctica) Smyley Island
5%
1,635 Finland Soisalo
5%
4,463 Canada Stefansson Island
5%
1,623 Indonesia Salawati
0%
3,688 Chile Santa Inés Island
0%
1,590 Norway Senja
0%
1,063 Chile Serrano Island
0%
1,259 Denmark Shannon Island
0%
1,159 None (Antarctica) Sherman Island
0%
1,754 Indonesia Simeulue
0%
4,100 None (Antarctica) Spaatz Island
0%
No matching quizzes found
Score Distribution
Percent of People with Each Score
Percentile by Number Answered
Your Score History
You have not taken this quiz since the last reset